000 01210cam a2200265 a 4500
005 20250429224152.0
007 ta
008 180511e201800 ck bd gr 000 0 spa
015 _ack-2018-xxxx
020 _a9789588721743
040 _aCO-CtgCURN
_bspa
_ccoctgcurn
082 0 4 _a378.19909861
_bR438
_223
245 0 0 _aRetos a los programas de administración, una mirada al saber :
_bresultados de la evaluación externa (2012-2016) /
_cNicolás Arias Velandia ... [et al.] ; [ilustraciones, Andrea Sarmiento].
260 _aBogotá :
_bInstitución Universitaria Politécnico Grancolombiano :
_bCorporación Universitaria Minuto de Dios,
_cimpresión 2018.
300 _a231 p. :
_bdiagrs., mapas col. ;
_c24 cm.
504 _aIncluye referencias bibliográficas (p. [225]-231)
596 _a7
650 1 4 _aEvaluación académica
_zColombia.
650 1 4 _aPlanes de estudio universitario
_zColombia.
650 1 4 _aAdministración de empresas
_xFormación profesional
_zColombia
_vProgramas.
700 1 _aArias Velandia, Nicolás.
700 1 _aSarmiento, Andrea,
_eilustrador.
_4il
942 _2ddc
_cBK
_h378.19909861
_iR438
999 _c41501
_d41501